Korean communism, 1945-1980 : a reference guide to the political system /

Bibliographic Details
Main Author: Suh, Dae-Sook, 1931-
Format: Book
Language:English
Published: Honolulu : University Press of Hawaii, [1981]
Subjects:

MARC

Tag First Indicator Second Indicator Subfields
LEADER 00000pam a2200000 a 4500
001 in00000082224
005 20151008061102.0
008 810728s1981 hiu b 00110 eng
010 |a  81012952  
020 |a 0824807405 :  |c $20.00 
035 |a (OCoLC)07739436 
035 |9 AAJ7273AM 
039 0 |a 2  |b 3  |c 3  |d 3  |e 3 
040 |a DLC  |c DLC  |d TXA  |d UtOrBLW 
043 |a a-kn--- 
049 |a TXAM  |c [1443077] 
050 0 0 |a JQ1729.5.A3 1981  |b .S83 
082 0 |a 320.9519/3  |2 19 
100 1 |a Suh, Dae-Sook,  |d 1931- 
245 1 0 |a Korean communism, 1945-1980 :  |b a reference guide to the political system /  |c Dae-Sook Suh. 
264 1 |a Honolulu :  |b University Press of Hawaii,  |c [1981] 
264 4 |c ©1981 
300 |a xv, 592 pages ;  |c 24 cm. 
336 |a text  |b txt  |2 rdacontent 
337 |a unmediated  |b n  |2 rdamedia 
338 |a volume  |b nc  |2 rdacarrier 
504 |a Includes bibliographical references and indexes. 
650 0 |a Communism  |z Korea (North) 
651 0 |a Korea (North)  |x Politics and government. 
999 |a MARS 
999 f f |s 38a5a764-d64c-3623-954e-fa6a64f727fc  |i 5f6920af-65a5-3d0b-8a0e-015a746fcc63  |t 0 
952 f f |p ric  |a Texas A&M University  |b Rellis Campus  |c Joint Library Facility  |d Remote Storage  |t 0  |e JQ1729.5.A3 1981 .S83  |h Library of Congress classification  |i unmediated -- volume  |m A14806152242 
998 f f |a JQ1729.5.A3 1981 .S83  |t 0  |l Remote Storage